LIBRARY & INFORMATION CENTRE, KCAET, TAVANUR

ONLINE PUBLIC ACCESS CATALOGUE (OPAC)

Encyclopaedia of agricultural science, Vol 2 / (Record no. 8929)

MARC details
000 -LEADER
fixed length control field 00499cam a2200181ua 4500
020 ## - INTERNATIONAL STANDARD BOOK NUMBER
ISBN 81-7488-088-9
041 ## - LANGUAGE CODE
Language code of text/sound track or separate title eng
082 ## - DEWEY DECIMAL CLASSIFICATION NUMBER
Classification number 030.63
Item number GUR/EN
100 ## - MAIN ENTRY--AUTHOR NAME
Personal name Gurdeep, Raj .
245 00 - TITLE STATEMENT
Title Encyclopaedia of agricultural science, Vol 2 /
250 ## - EDITION STATEMENT
Edition statement 1 /
260 ## - PUBLICATION, DISTRIBUTION, ETC. (IMPRINT)
Place of publication New Delhi :
Name of publisher Anmol Publications Pvt Ltd ,
Year of publication 1995.
300 ## - PHYSICAL DESCRIPTION
Number of Pages 284 ; .
942 ## - ADDED ENTRY ELEMENTS (KOHA)
Koha item type Books
Holdings
Withdrawn status Lost status Damaged status Home library Current library Date acquired Full call number Accession Number Koha item type
      KAUAET KAUAET 07/04/2012 030.63 19794 Reference
free website counter